[Event "4NCL Online Division 3"]
[Site "online"]
[Date "2020.05.05"]
[Round "5.153"]
[White "Pentakota, Rajasekhar"]
[Black "Evans, Harry G"]
[Result "0-1"]
[WhiteElo "1858"]
[BlackElo "1915"]
[PlyCount "92"]
[EventDate "2020.05.05"]
[WhiteTeam "Wessex Some Stars B"]
[BlackTeam "CSC 3"]

1. c4 c6 2. Nc3 d5 3. cxd5 cxd5 4. d4 Nc6 5. g3 Nf6 6. Bg2 e6 7. Nf3 Bd6 8. O-O
O-O 9. a3 a6 10. Qd3 b5 11. b4 Bb7 12. Bb2 Rc8 13. Rac1 Qb6 14. e3 Ne4 15. Nd2
Nxd2 16. Qxd2 a5 17. Na2 axb4 18. axb4 Ra8 19. Bc3 Ra4 20. Rb1 Rfa8 21. Nc1 Nb8
22. Nd3 Ra2 23. Qc1 Nd7 24. Nc5 Qc7 25. Rb2 Nb6 26. Rxa2 Rxa2 27. Qb1 Ra8 28.
e4 Nc4 29. exd5 Bxd5 30. Bxd5 exd5 31. Qf5 Rd8 32. Ra1 g6 33. Qf3 Bf8 34. Ra6
Bg7 35. h4 h5 36. Kg2 Qe7 37. Nd3 Nd6 38. Nc5 Ne4 39. Qe2 Re8 40. Bb2 Kh7 41.
Qxb5 Nxc5 42. Qxc5 Qe4+ 43. Kg1 Qe1+ 44. Kg2 Re2 45. Qxd5 Qxf2+ 46. Kh1 Qh2#
0-1

[Event "4NCL Online Division 3"]
[Site "online"]
[Date "2020.05.05"]
[Round "5.154"]
[White "Kan, Toby"]
[Black "Adaway, William"]
[Result "1/2-1/2"]
[WhiteElo "1892"]
[BlackElo "1857"]
[PlyCount "62"]
[EventDate "2020.05.05"]
[WhiteTeam "CSC 3"]
[BlackTeam "Wessex Some Stars B"]

1. e4 c6 2. d4 d5 3. exd5 cxd5 4. Bd3 Nc6 5. c3 Nf6 6. Bf4 g6 7. Nf3 Bf5 8.
Bxf5 gxf5 9. Nbd2 e6 10. Ne5 Bd6 11. Qe2 Qc7 12. Nb3 O-O-O 13. Bg5 Ne4 14. Bxd8
Kxd8 15. Nd3 a5 16. f3 a4 17. fxe4 fxe4 18. Nbc5 exd3 19. Nxd3 Bxh2 20. O-O-O
Nxd4 21. Qg4 Nf5 22. Qxa4 Ke7 23. Qb4+ Bd6 24. Qg4 h6 25. Rde1 Kf8 26. Rhf1 Rg8
27. Qf3 Rg3 28. Qe2 Qc4 29. Kd2 Re3 30. Qxe3 Nxe3 31. Rxe3 Qg4 1/2-1/2

[Event "4NCL Online Division 3"]
[Site "online"]
[Date "2020.05.05"]
[Round "5.161"]
[White "Homer, Stephen J"]
[Black "Smith, Simon C"]
[Result "1-0"]
[WhiteElo "1988"]
[BlackElo "1915"]
[PlyCount "47"]
[EventDate "2020.05.05"]
[WhiteTeam "West is Best 2"]
[BlackTeam "Warley Mighty Quins"]

1. e4 c5 2. Nf3 e6 3. d4 cxd4 4. Nxd4 a6 5. Bd3 Bc5 6. Nb3 Be7 7. c4 Qc7 8. O-O
Nf6 9. Nc3 d6 10. Qe2 O-O 11. f4 Nbd7 12. Bd2 b6 13. Rae1 Nc5 14. Nxc5 Qxc5+
15. Be3 Qc7 16. e5 Nd7 17. exd6 Bxd6 18. Ne4 Be7 19. Rf3 Nc5 20. Nf6+ Bxf6 21.
Bxh7+ Kh8 22. Rh3 g6 23. Bxg6+ Kg7 24. Qh5 1-0

[Event "4NCL Online Division 3"]
[Site "online"]
[Date "2020.05.05"]
[Round "5.162"]
[White "Singh, Amrik J"]
[Black "Jukes, Sam"]
[Result "1-0"]
[WhiteElo "1870"]
[BlackElo "1871"]
[PlyCount "121"]
[EventDate "2020.05.05"]
[WhiteTeam "Warley Mighty Quins"]
[BlackTeam "West is Best 2"]

1. e4 c5 2. f4 Nc6 3. Nf3 e6 4. c3 d5 5. e5 b6 6. d3 Bb7 7. Be2 Be7 8. O-O Nh6
9. Na3 O-O 10. Nc2 d4 11. c4 Kh8 12. Qe1 Nb4 13. Nxb4 cxb4 14. Bd2 Nf5 15. Rd1
a5 16. Qf2 Bc5 17. g4 Ne3 18. Bxe3 dxe3 19. Qg3 f6 20. d4 Be7 21. Ne1 fxe5 22.
fxe5 Rxf1+ 23. Bxf1 Bg5 24. Nc2 Qe7 25. Nxe3 Rf8 26. Ng2 Bf3 27. Rd3 Be4 28.
Rd1 Bc2 29. Re1 Qf7 30. Be2 Qg6 31. Rf1 Rxf1+ 32. Kxf1 Qe4 33. Qf3 Kg8 34. Qxe4
Bxe4 35. Kf2 Bb1 36. Ne3 Bxa2 37. Kf3 a4 38. c5 bxc5 39. dxc5 Bxe3 40. Kxe3 Bd5
41. Kd2 Kf7 42. Bb5 Ke7 43. Bxa4 g5 44. Bd1 Kd7 45. Kd3 Kc6 46. Kd4 b3 47. Be2
h6 48. Bc4 Bf3 49. Bxe6 Bd1 50. Bf5 h5 51. h3 hxg4 52. hxg4 Bc2 53. e6 Kc7 54.
Ke5 Kd8 55. Kd6 Bxf5 56. gxf5 g4 57. c6 g3 58. c7+ Kc8 59. e7 g2 60. e8=Q+ Kb7
61. Qe4+ 1-0

[Event "4NCL Online Division 3"]
[Site "online"]
[Date "2020.05.05"]
[Round "5.163"]
[White "Hurley, Jake"]
[Black "Turner, Jon"]
[Result "1/2-1/2"]
[WhiteElo "1780"]
[BlackElo "1885"]
[PlyCount "63"]
[EventDate "2020.05.05"]
[WhiteTeam "West is Best 2"]
[BlackTeam "Warley Mighty Quins"]

1. e4 d5 2. d4 dxe4 3. Nc3 Nf6 4. f3 exf3 5. Nxf3 Bg4 6. Bc4 e6 7. O-O Nbd7 8.
Ne2 Bd6 9. Bf4 Qe7 10. Ne5 Bh5 11. Qe1 O-O 12. Ng3 Bg6 13. Bg5 Qe8 14. Nxg6
hxg6 15. Ne4 Nxe4 16. Qxe4 c6 17. Rf3 Be7 18. Qh4 Bxg5 19. Qxg5 Qd8 20. Qe3 Nb6
21. Bxe6 Nd5 22. Bxd5 Qxd5 23. c3 Rae8 24. Qf2 Re4 25. a3 Rfe8 26. Qg3 Qe6 27.
Raf1 f5 28. h3 Kf7 29. Qg5 Re3 30. Rf4 Re4 31. R4f3 Re3 32. Rf4 1/2-1/2

[Event "4NCL Online Division 3"]
[Site "online"]
[Date "2020.05.05"]
[Round "5.164"]
[White "Jeffs, David"]
[Black "Davis, Ashley J"]
[Result "0-1"]
[WhiteElo "1720"]
[BlackElo "1852"]
[PlyCount "70"]
[EventDate "2020.05.05"]
[WhiteTeam "Warley Mighty Quins"]
[BlackTeam "West is Best 2"]

1. e4 e6 2. Nf3 c5 3. c3 Nc6 4. d4 cxd4 5. Nxd4 Bc5 6. Be3 Qb6 7. Qd2 Nf6 8.
Nxc6 Bxe3 9. fxe3 Nxe4 10. Qe2 bxc6 11. Na3 d5 12. Rc1 Rb8 13. Rc2 O-O 14. g3
Qa5 15. Rg1 Rb6 16. Rg2 Ba6 17. Qf3 Qxa3 18. Bxa6 Qxa6 19. a3 Rfb8 20. Qe2
Qxe2+ 21. Rgxe2 Nd6 22. b4 Nc4 23. a4 a5 24. Kf2 axb4 25. cxb4 Rxb4 26. Ra2 Ra8
27. Kf3 Rbxa4 28. Rac2 h6 29. Rc3 Ra3 30. Rc1 Ne5+ 31. Kg2 Ra2 32. Rxa2 Rxa2+
33. Kh3 Re2 34. Rc3 f5 35. Ra3 Ng4 0-1

[Event "4NCL Online Division 3"]
[Site "online"]
[Date "2020.05.12"]
[Round "6.11"]
[White "Lockett, Karl"]
[Black "Yeo, Gareth"]
[Result "0-1"]
[WhiteElo "1810"]
[BlackElo "1980"]
[PlyCount "24"]
[EventDate "2020.05.12"]
[WhiteTeam "Crewe"]
[BlackTeam "West is Best 2"]

1. Nf3 d5 2. c4 d4 3. e3 Nc6 4. b4 dxe3 5. fxe3 Nxb4 6. d4 e5 7. d5 Bf5 8. Na3
Bc5 9. Be2 Qe7 10. O-O Nf6 11. Kh1 O-O 12. Bb2 Ng4 0-1

[Event "4NCL Online Division 3"]
[Site "online"]
[Date "2020.05.12"]
[Round "6.12"]
[White "Jukes, Sam"]
[Black "Renegade, Richard"]
[Result "0-1"]
[WhiteElo "1871"]
[BlackElo "1735"]
[PlyCount "56"]
[EventDate "2020.05.12"]
[WhiteTeam "West is Best 2"]
[BlackTeam "Crewe"]

1. e4 Nc6 2. d4 e5 3. d5 Nce7 4. h4 h5 5. Nc3 Ng6 6. Nf3 Bc5 7. Be2 a6 8. Ng5
Nf6 9. f4 exf4 10. e5 Nxe5 11. Bxf4 Ng6 12. Bg3 d6 13. Qd3 Qe7 14. Kd2 Bf5 15.
Qxf5 Qe3+ 16. Kd1 Qxg3 17. Nxf7 Kxf7 18. Ne4 Qe5 19. Ng5+ Kg8 20. Qxg6 Qxd5+
21. Bd3 Rh6 22. Qf5 Re8 23. b3 Qxg2 24. Rf1 Bb4 25. Kc1 Qd2+ 26. Kb2 Qc3+ 27.
Kb1 Ba3 28. Bc4+ Kf8 0-1

[Event "4NCL Online Division 3"]
[Site "online"]
[Date "2020.05.12"]
[Round "6.13"]
[White "Gardiner, Harry"]
[Black "Hurley, Jake"]
[Result "0-1"]
[WhiteElo "1697"]
[BlackElo "1780"]
[PlyCount "84"]
[EventDate "2020.05.12"]
[WhiteTeam "Crewe"]
[BlackTeam "West is Best 2"]

1. d4 e5 2. dxe5 Nc6 3. Nf3 Qe7 4. Bd2 Nxe5 5. Nxe5 Qxe5 6. Bc3 Qe6 7. e3 d5 8.
Be2 Nf6 9. O-O Ne4 10. Bd4 c5 11. Bb5+ Bd7 12. Bxd7+ Kxd7 13. Bc3 Bd6 14. Nd2
Nxc3 15. bxc3 g5 16. Nb3 h5 17. c4 Qe5 18. g3 dxc4 19. Na5 b5 20. Qd2 Kc7 21.
Rfd1 Rad8 22. a4 Be7 23. Qe2 Rxd1+ 24. Rxd1 Qc3 25. Qd2 Qxd2 26. Rxd2 Kb6 27.
Rd7 Bf8 28. Nb7 bxa4 29. Nd6 Kc6 30. Rxa7 Bxd6 31. Rxa4 Kb5 32. Ra7 f6 33. Rf7
Rf8 34. Rb7+ Kc6 35. Rh7 Rb8 36. Rxh5 Rb2 37. Rh6 Rxc2 38. Rxf6 c3 39. Kf1 Ra2
40. Ke1 c4 41. h4 Ra1+ 42. Ke2 c2 0-1

[Event "4NCL Online Division 3"]
[Site "online"]
[Date "2020.05.12"]
[Round "6.14"]
[White "Davis, Ashley J"]
[Black "Layhe, Neville"]
[Result "1-0"]
[WhiteElo "1852"]
[BlackElo "1607"]
[PlyCount "125"]
[EventDate "2020.05.12"]
[WhiteTeam "West is Best 2"]
[BlackTeam "Crewe"]

1. d4 g6 2. g3 Bg7 3. Bg2 d5 4. Nf3 Nf6 5. O-O O-O 6. c4 c6 7. cxd5 cxd5 8. Nc3
Nc6 9. Ne5 e6 10. Nxc6 bxc6 11. Bf4 Nh5 12. Be3 Ba6 13. Na4 Qa5 14. Nc5 Nf6 15.
Rc1 Qb5 16. Rc2 Bc8 17. Qd2 Nd7 18. Rfc1 a5 19. b3 Ra7 20. Bf4 Qb4 21. Qxb4
axb4 22. Nd3 Bxd4 23. Rxc6 Ba6 24. Nxb4 Bxe2 25. R6c2 Bb5 26. a4 Bxa4 27. bxa4
Rxa4 28. Nc6 Bf6 29. Bd6 Rfa8 30. Bf1 Ra1 31. Rxa1 Rxa1 32. Kg2 Ra8 33. Bb5 Nb6
34. Be5 Kg7 35. Bxf6+ Kxf6 36. f4 h5 37. Ne5 Rc8 38. Rxc8 Nxc8 39. Bd3 Nd6 40.
Kf3 g5 41. h3 gxf4 42. gxf4 Kg7 43. Kg3 f6 44. Nd7 Nc4 45. Kh4 e5 46. Bxc4 dxc4
47. fxe5 c3 48. exf6+ Kf7 49. Nc5 c2 50. Nd3 Kxf6 51. Kxh5 Kf5 52. h4 Kf6 53.
Kh6 Kf5 54. h5 Ke4 55. Nc1 Ke3 56. Kg7 Kd2 57. Na2 c1=Q 58. Nxc1 Kxc1 59. h6
Kd2 60. h7 Kc1 61. h8=Q Kd2 62. Qh3 Ke2 63. Kf6 1-0

[Event "4NCL Online Division 3"]
[Site "online"]
[Date "2020.05.12"]
[Round "6.21"]
[White "Finn, Peter"]
[Black "Archer, Richard"]
[Result "1/2-1/2"]
[WhiteElo "1959"]
[BlackElo "1997"]
[PlyCount "132"]
[EventDate "2020.05.12"]
[WhiteTeam "CSC 3"]
[BlackTeam "Shropshire 2"]

1. e4 c5 2. Nf3 d6 3. d4 cxd4 4. Nxd4 Nf6 5. f3 e5 6. Nb3 d5 7. Bg5 Be6 8. Bxf6
gxf6 9. exd5 Qxd5 10. Qxd5 Bxd5 11. Nc3 Be6 12. O-O-O Nc6 13. Nd5 O-O-O 14.
Nxf6 Bh6+ 15. Nd2 Nb4 16. c3 Nd5 17. Nxd5 Rxd5 18. Bc4 Rxd2 19. Bxe6+ Rd7+ 20.
Kc2 fxe6 21. Rxd7 Kxd7 22. Re1 Rg8 23. g3 Rf8 24. Rxe5 Rxf3 25. Rh5 Rf6 26. g4
Rg6 27. h3 Ke7 28. h4 Bg7 29. Rxh7 Rxg4 30. h5 Rg2+ 31. Kd3 Kd6 32. h6 Bxh6 33.
Rxh6 Rxb2 34. Rh7 a6 35. a4 Rb6 36. Kd4 e5+ 37. Ke4 Rb3 38. Kd3 Kd5 39. Rd7+
Kc6 40. Re7 Ra3 41. Rxe5 Rxa4 42. Kc2 Rh4 43. Rg5 Kb6 44. Kb3 Rh6 45. Rf5 Kc6
46. Rg5 b5 47. Rf5 Kb6 48. Rf8 a5 49. Rf4 Rh5 50. Rf8 a4+ 51. Kb2 Kc5 52. Rc8+
Kd5 53. Rd8+ Kc4 54. Rd4+ Kc5 55. Rd2 Rd5 56. Rh2 Re5 57. Rd2 Re3 58. Rh2 Kc4
59. Rh4+ Kd5 60. Rh5+ Kc4 61. Rh4+ Kd3 62. Rd4+ Ke2 63. Rb4 Re5 64. c4 bxc4 65.
Rxc4 Kd3 66. Rxa4 Re2+ 1/2-1/2

[Event "4NCL Online Division 3"]
[Site "online"]
[Date "2020.05.12"]
[Round "6.22"]
[White "Keady, Mark A"]
[Black "Samarasinghe Jude, Ranga"]
[Result "1-0"]
[WhiteElo "1952"]
[BlackElo "1924"]
[PlyCount "135"]
[EventDate "2020.05.12"]
[WhiteTeam "Shropshire 2"]
[BlackTeam "CSC 3"]

1. e4 e6 2. d4 d5 3. Nd2 Nf6 4. e5 Nfd7 5. Bd3 c5 6. c3 Qb6 7. Ne2 Nc6 8. Nf3
a5 9. O-O Be7 10. h3 Nf8 11. Re1 Bd7 12. Bd2 Qxb2 13. Rb1 Qa3 14. Rxb7 Nd8 15.
Rb1 Qa4 16. Bc2 Qc6 17. Bg5 Ng6 18. Qd2 a4 19. Rec1 c4 20. Bxe7 Kxe7 21. h4 h6
22. h5 Nf8 23. Rb4 Be8 24. Qf4 Nd7 25. Ng3 a3 26. Rcb1 Qc7 27. Qh4+ Kf8 28. Qf4
Nc6 29. Rb7 Qa5 30. Nh4 Kg8 31. Qf3 Rb8 32. Rxb8 Ncxb8 33. Ne2 Qc7 34. Nf4 Nb6
35. Nfg6 fxg6 36. Bxg6 Bxg6 37. Nxg6 N8d7 38. Qg4 Kh7 39. Qxe6 Rc8 40. Ne7 Rd8
41. Qg6+ Kh8 42. Nf5 Rg8 43. Ne7 Rb8 44. Re1 Nf8 45. Qf7 Nfd7 46. Ng6+ Kh7 47.
e6 Rg8 48. exd7 Qxd7 49. Nf8+ Rxf8 50. Qxf8 Qg4 51. Qxa3 Qxh5 52. Qc5 Nd7 53.
Qd6 Nf6 54. Qe5 Qg4 55. a4 Qd7 56. Ra1 Ne4 57. a5 Nxc3 58. a6 Nb5 59. Qe2 Nxd4
60. Qd2 Nc6 61. Qc2+ Kg8 62. Qa4 Qe6 63. a7 Nxa7 64. Qxa7 Qe5 65. Kf1 d4 66.
Re1 Qf4 67. Qa8+ Kh7 68. Qe4+ 1-0

[Event "4NCL Online Division 3"]
[Site "online"]
[Date "2020.05.12"]
[Round "6.23"]
[White "Evans, Harry G"]
[Black "Lewis, Christopher D"]
[Result "1/2-1/2"]
[WhiteElo "1915"]
[BlackElo "1930"]
[PlyCount "53"]
[EventDate "2020.05.12"]
[WhiteTeam "CSC 3"]
[BlackTeam "Shropshire 2"]

1. e4 c6 2. d4 d5 3. exd5 cxd5 4. Bd3 Nc6 5. c3 Qc7 6. Na3 a6 7. Nc2 e5 8. dxe5
Nxe5 9. Be2 Be6 10. f4 Nc4 11. Nf3 Nf6 12. O-O Bc5+ 13. Nfd4 Bf5 14. Kh1 Bxc2
15. Qxc2 O-O 16. Bxc4 dxc4 17. Be3 Rfe8 18. Bg1 Re4 19. Qd2 Rae8 20. Rae1 b5
21. h3 Rxe1 22. Rxe1 Rxe1 23. Qxe1 Qxf4 24. Ne6 fxe6 25. Qxe6+ Kh8 26. Qc8+ Ng8
27. Qxc5 1/2-1/2

[Event "4NCL Online Division 3"]
[Site "online"]
[Date "2020.05.12"]
[Round "6.24"]
[White "Clark, Matthew D H"]
[Black "Kan, Toby"]
[Result "0-1"]
[WhiteElo "1892"]
[BlackElo "1892"]
[PlyCount "92"]
[EventDate "2020.05.12"]
[WhiteTeam "Shropshire 2"]
[BlackTeam "CSC 3"]

1. e4 c5 2. Nf3 g6 3. d4 cxd4 4. Nxd4 Nc6 5. Be3 Bg7 6. Nc3 Nf6 7. Bc4 O-O 8.
f3 Qb6 9. Nce2 Qb4+ 10. Qd2 Qxc4 11. Nxc6 bxc6 12. O-O d5 13. e5 Nd7 14. f4 c5
15. b3 Qa6 16. Qxd5 Qxe2 17. Qxa8 Qxe3+ 18. Kh1 Ba6 19. Qxa7 Bxf1 20. Rxf1 Qe2
21. Rg1 Qb5 22. a4 Qc6 23. Rd1 Rd8 24. Qa5 Ra8 25. Qd2 Nb6 26. a5 Rxa5 27. Qxa5
Bf8 28. Qa7 Nd5 29. Qa4 Qb7 30. Qe4 e6 31. Qf3 Qa6 32. g4 c4 33. f5 cxb3 34.
fxe6 fxe6 35. cxb3 Qa3 36. Rf1 Qe7 37. Ra1 Bh6 38. Ra8+ Kg7 39. Kg1 Qc5+ 40.
Kg2 Nf4+ 41. Kf1 Qc1+ 42. Kf2 Qd2+ 43. Kg3 Bg5 44. Ra7+ Kh6 45. b4 Bh4+ 46.
Kxh4 Qxh2+ 0-1

[Event "4NCL Online Division 3"]
[Site "online"]
[Date "2020.05.12"]
[Round "6.31"]
[White "Towers, Nigel S"]
[Black "Smith, Simon"]
[Result "0-1"]
[WhiteElo "1858"]
[BlackElo "1966"]
[PlyCount "118"]
[EventDate "2020.05.12"]
[WhiteTeam "CSC 4"]
[BlackTeam "Beverley Vikings"]

1. e4 c5 2. Nf3 e6 3. d4 cxd4 4. Nxd4 Nc6 5. Nc3 Qc7 6. g3 a6 7. Bg2 Nf6 8. O-O
Nxd4 9. Qxd4 Bc5 10. Bf4 d6 11. Qd2 h6 12. Rad1 e5 13. Be3 Be6 14. Bxc5 dxc5
15. Qd6 Qxd6 16. Rxd6 Rd8 17. Rfd1 Rxd6 18. Rxd6 Ke7 19. Rb6 Rb8 20. Nd5+ Kd7
21. c4 Ne8 22. Rb3 Nd6 23. Rc3 b5 24. cxb5 Rxb5 25. Rc2 c4 26. Nc3 Rb8 27. f4
f6 28. Rd2 Kc6 29. Kf2 Nb5 30. Nxb5 axb5 31. a3 Rb7 32. Bf1 g6 33. Bg2 Rd7 34.
Ke3 Rxd2 35. Kxd2 Kc5 36. Kc3 exf4 37. gxf4 g5 38. fxg5 hxg5 39. Bf1 Bd7 40. a4
b4+ 41. Kd2 Bxa4 42. Ke3 c3 43. bxc3 bxc3 44. Bg2 c2 45. Kd2 Kd4 46. Bf3 Bc6
47. e5 Bxf3 48. exf6 Bd5 49. Kxc2 Ke5 50. Kd3 Kxf6 51. Kd4 Bb7 52. Ke3 Kf5 53.
h3 Bg2 54. Kf2 Bxh3 55. Kg3 Bg4 56. Kg2 Kf4 57. Kf2 Bf3 58. Kf1 Kg3 59. Kg1 Bd5
0-1

[Event "4NCL Online Division 3"]
[Site "online"]
[Date "2020.05.12"]
[Round "6.32"]
[White "Carmichael, Ned"]
[Black "Frostick, Helen M"]
[Result "0-1"]
[WhiteElo "1825"]
[BlackElo "1855"]
[PlyCount "34"]
[EventDate "2020.05.12"]
[WhiteTeam "Beverley Vikings"]
[BlackTeam "CSC 4"]

1. c4 g6 2. Nc3 Bg7 3. g3 Nf6 4. Bg2 c6 5. e4 e5 6. Nge2 d6 7. O-O O-O 8. d3
Be6 9. h3 Na6 10. Be3 Qd7 11. Kh2 d5 12. cxd5 cxd5 13. exd5 Nxd5 14. Nxd5 Bxd5
15. d4 Bxg2 16. Kxg2 Rfd8 17. dxe5 Qc6+ 0-1

[Event "4NCL Online Division 3"]
[Site "online"]
[Date "2020.05.12"]
[Round "6.33"]
[White "Kumar, Soham"]
[Black "Perkins, Peter T"]
[Result "1/2-1/2"]
[WhiteElo "1742"]
[BlackElo "1652"]
[PlyCount "158"]
[EventDate "2020.05.12"]
[WhiteTeam "CSC 4"]
[BlackTeam "Beverley Vikings"]

1. e4 g6 2. d4 Bg7 3. Nf3 c6 4. Nc3 d5 5. exd5 cxd5 6. Be2 Nc6 7. O-O Bf5 8.
Bf4 Nf6 9. Ne5 O-O 10. Qd2 Ne4 11. Nxe4 Bxe4 12. c3 Nxe5 13. Bxe5 Bxe5 14. dxe5
Bf5 15. Rad1 Be6 16. Bf3 Qc7 17. Qe3 Rfd8 18. Rd4 Kg7 19. Rh4 Rh8 20. Rd1 Qb6
21. Qxb6 axb6 22. a3 Bd7 23. Bxd5 Bc6 24. Bxc6 bxc6 25. g3 Ra5 26. Re4 e6 27.
f4 c5 28. Rd6 Rb8 29. Re1 Kf8 30. Red1 Rb7 31. Rd8+ Ke7 32. Rh8 h5 33. Rdd8 f5
34. Rh7+ Kxd8 35. Rxb7 Rb5 36. Rg7 Rxb2 37. Rxg6 Kd7 38. Rg7+ Kc6 39. h3 Rc2
40. Rh7 Rxc3 41. Kf2 Rxa3 42. Rxh5 c4 43. Rh8 Kd7 44. Rh7+ Kc6 45. Re7 Kd5 46.
Rd7+ Ke4 47. h4 Ra2+ 48. Ke1 Ke3 49. Kd1 c3 50. h5 Rh2 51. h6 Rxh6 52. Kc2 Kf2
53. Rd3 Rh3 54. Rxc3 Rxg3 55. Rc6 Rg6 56. Rxb6 Ke3 57. Rb4 Rg2+ 58. Kd1 Rg4 59.
Rb6 Rg6 60. Rb4 Rg4 61. Rb6 Rxf4 62. Rxe6 Re4 63. Ke1 Kf4+ 64. Kf2 Rxe5 65.
Rxe5 Kxe5 66. Ke3 f4+ 67. Kf3 Kf5 68. Kf2 Kg4 69. Kg2 f3+ 70. Kf2 Kf4 71. Kf1
Ke4 72. Kf2 Kf4 73. Kf1 Ke3 74. Ke1 Kd3 75. Kf2 Ke4 76. Kf1 Ke3 77. Ke1 Kd3 78.
Kf2 Ke4 79. Kf1 Ke3 1/2-1/2

[Event "4NCL Online Division 3"]
[Site "online"]
[Date "2020.05.12"]
[Round "6.34"]
[White "Johnstone, J Gerry"]
[Black "Usher, Michael E"]
[Result "1-0"]
[WhiteElo "1570"]
[BlackElo "1677"]
[PlyCount "113"]
[EventDate "2020.05.12"]
[WhiteTeam "Beverley Vikings"]
[BlackTeam "CSC 4"]

1. e4 e6 2. d3 d5 3. Nd2 Nf6 4. Ngf3 b6 5. g3 dxe4 6. dxe4 Bc5 7. Bg2 Ba6 8. c4
Qd3 9. b4 Bxb4 10. Qa4+ b5 11. Qxb4 bxc4 12. Bf1 Qd7 13. Bxc4 Bxc4 14. Qxc4 O-O
15. O-O a5 16. Bb2 Qe7 17. Bxf6 Qxf6 18. Qxc7 Na6 19. Qe5 Qd8 20. Rfd1 Nb4 21.
Nc4 Qe7 22. Qd6 Qf6 23. Kg2 h6 24. Nfe5 Rfd8 25. Qc7 Rdc8 26. Qd7 Rd8 27. Qa4
Rdc8 28. a3 Rxc4 29. Nxc4 Nd3 30. Ra2 Ne5 31. Nxe5 Qxe5 32. Rad2 g5 33. Rd8+
Rxd8 34. Rxd8+ Kg7 35. Ra8 g4 36. Rxa5 Qc3 37. Qd1 Qxa5 38. Qxg4+ Kh7 39. Qf4
Kg7 40. Qd6 Qa4 41. Qb4 Qc2 42. Qd4+ Kg6 43. a4 Qc6 44. a5 Qb7 45. Qd3 h5 46.
a6 Qa8 47. h4 f6 48. Qc4 Qa7 49. Qxe6 Qa8 50. Qf5+ Kg7 51. Qd7+ Kh6 52. Qb7 Qe8
53. a7 f5 54. a8=Q fxe4 55. Qxe4 Qg8 56. Qf4+ Kh7 57. Qxg8+ 1-0

[Event "4NCL Online Division 3"]
[Site "online"]
[Date "2020.05.12"]
[Round "6.41"]
[White "Menadue, Jeremy F S"]
[Black "Elwin, Adrian G"]
[Result "1-0"]
[WhiteElo "1996"]
[BlackElo "1982"]
[PlyCount "89"]
[EventDate "2020.05.12"]
[WhiteTeam "Falmouth & Truro"]
[BlackTeam "MK Phoenix 2"]

1. d4 Nf6 2. c4 g6 3. Nc3 Bg7 4. e4 d6 5. Nge2 O-O 6. Ng3 e5 7. d5 a5 8. Be2
Na6 9. h4 h5 10. Bg5 Nc5 11. Bxh5 Qd7 12. Be2 Nh7 13. Be3 Qe7 14. h5 g5 15. h6
Bh8 16. Bxc5 dxc5 17. Bg4 f5 18. Bxf5 Bxf5 19. Nxf5 Rxf5 20. exf5 e4 21. Qh5
Bf6 22. Rh3 Bd4 23. Qg6+ Kh8 24. Qe6 Re8 25. Qxe7 Rxe7 26. Ke2 Nf6 27. Re1 g4
28. Re3 Bxe3 29. fxe3 Kh7 30. Rh1 Re5 31. Nb5 Rxf5 32. Nxc7 g3 33. Rf1 Rxf1 34.
Kxf1 Kxh6 35. Ne6 b6 36. Nd8 Kg6 37. Ke2 Kf5 38. Nc6 Nd7 39. b3 Nf6 40. Ne7+
Ke5 41. Nc8 Nd7 42. Kd2 Kf6 43. Kc3 Kf7 44. Nd6+ Kf6 45. Nxe4+ 1-0

[Event "4NCL Online Division 3"]
[Site "online"]
[Date "2020.05.12"]
[Round "6.42"]
[White "Whiteside, Robert"]
[Black "Kneebone, Robin F G"]
[Result "0-1"]
[WhiteElo "1792"]
[BlackElo "1952"]
[PlyCount "58"]
[EventDate "2020.05.12"]
[WhiteTeam "MK Phoenix 2"]
[BlackTeam "Falmouth & Truro"]

1. e4 c5 2. Nf3 e6 3. Nc3 Nc6 4. d4 cxd4 5. Nxd4 Qc7 6. Be3 a6 7. Qd2 Nf6 8.
O-O-O Bb4 9. f3 Ne5 10. Bf4 d6 11. Nb3 Ke7 12. Bg5 Bd7 13. Nd5+ exd5 14. Qxb4
Rhc8 15. Rd2 a5 16. Qd4 a4 17. Na1 a3 18. b3 Nc6 19. Qxd5 Nb4 20. Qc4 Nxa2+ 21.
Kd1 Nc3+ 22. Kc1 Qa5 23. Qd4 Qxg5 24. Qxd6+ Ke8 25. e5 Nfd5 26. h4 Qf4 27. Bc4
Rc6 28. Re1 Rxd6 29. exd6+ Kd8 0-1

[Event "4NCL Online Division 3"]
[Site "online"]
[Date "2020.05.12"]
[Round "6.43"]
[White "Willis, Toby W"]
[Black "Edwards, Peter"]
[Result "0-1"]
[WhiteElo "1892"]
[BlackElo "1870"]
[PlyCount "60"]
[EventDate "2020.05.12"]
[WhiteTeam "Falmouth & Truro"]
[BlackTeam "MK Phoenix 2"]

1. d4 e6 2. c4 d5 3. Nc3 Nf6 4. Bg5 Be7 5. e3 O-O 6. Nf3 h6 7. Bh4 b6 8. cxd5
Nxd5 9. Bxe7 Qxe7 10. Nxd5 exd5 11. Rc1 Be6 12. Qa4 c5 13. Qa3 Re8 14. dxc5 Rc8
15. Be2 bxc5 16. O-O Nd7 17. Nd4 Ne5 18. Nxe6 fxe6 19. Rc2 Rab8 20. Rfc1 Nd7
21. e4 Qd6 22. exd5 exd5 23. Bg4 d4 24. Qxa7 Rc7 25. Qa3 Ne5 26. Be2 Rbc8 27.
f4 d3 28. Rd2 Qd4+ 29. Kh1 Qxf4 30. Qb3+ c4 0-1

[Event "4NCL Online Division 3"]
[Site "online"]
[Date "2020.05.12"]
[Round "6.44"]
[White "Cox, Lucian"]
[Black "Steele, Beatrice"]
[Result "1-0"]
[WhiteElo "1051"]
[BlackElo "1643"]
[PlyCount "47"]
[EventDate "2020.05.12"]
[WhiteTeam "MK Phoenix 2"]
[BlackTeam "Falmouth & Truro"]

1. e4 d5 2. exd5 Qxd5 3. Nc3 Qa5 4. d4 c6 5. Bc4 Nf6 6. Nf3 Bg4 7. O-O e6 8.
Bd2 Qb6 9. Be3 Nbd7 10. h3 Bh5 11. d5 Qb4 12. dxe6 Qxc4 13. exd7+ Nxd7 14.
Qxd7+ Kxd7 15. Ne5+ Kc7 16. Nxc4 Bb4 17. Rfe1 f6 18. a3 Bxc3 19. bxc3 Bf7 20.
Bf4+ Kd7 21. Nd6 Bd5 22. Nxb7 Rhe8 23. Nc5+ Kc8 24. Rxe8# 1-0

[Event "4NCL Online Division 3"]
[Site "online"]
[Date "2020.05.12"]
[Round "6.51"]
[White "Thomson, Neil"]
[Black "Waterfield, John W"]
[Result "1/2-1/2"]
[WhiteElo "1960"]
[BlackElo "1943"]
[PlyCount "89"]
[EventDate "2020.05.12"]
[WhiteTeam "Four Horsemen"]
[BlackTeam "Abergavenny and Friends"]

1. e4 c5 2. Nf3 d6 3. d4 cxd4 4. Nxd4 Nf6 5. Nc3 a6 6. Bg5 e6 7. f4 Nc6 8. Nxc6
bxc6 9. e5 h6 10. Bh4 g5 11. fxg5 Nd5 12. Ne4 Qb6 13. c3 dxe5 14. g6 f5 15.
Nf6+ Nxf6 16. Bxf6 Rg8 17. Be2 Bg7 18. Bh4 e4 19. Qd2 e3 20. Qd6 Bf8 21. Qe5
Bg7 22. Qd6 Bf8 23. Qg3 Qxb2 24. Rd1 Qxc3+ 25. Kf1 Bd7 26. g7 Rxg7 27. Bh5+ Rf7
28. Bxf7+ Kxf7 29. Rxd7+ Ke8 30. Rd1 Kf7 31. h3 Bc5 32. Qe1 Qc4+ 33. Qe2 Qxh4
34. Rd7+ Ke8 35. Rb7 Rd8 36. g3 Qg5 37. h4 Qg4 38. Qxg4 fxg4 39. Ke1 Rd2 40.
Rf1 Rxa2 41. Rff7 Ra1+ 42. Ke2 Ra2+ 43. Ke1 Ra1+ 44. Ke2 Ra2+ 45. Ke1 1/2-1/2

[Event "4NCL Online Division 3"]
[Site "online"]
[Date "2020.05.12"]
[Round "6.52"]
[White "Parry, Matthew"]
[Black "Gillespie, Gary"]
[Result "1-0"]
[WhiteElo "1903"]
[BlackElo "1843"]
[PlyCount "39"]
[EventDate "2020.05.12"]
[WhiteTeam "Abergavenny and Friends"]
[BlackTeam "Four Horsemen"]

1. d4 d5 2. Nf3 Nf6 3. e3 c5 4. c3 e6 5. Bd3 b6 6. Nbd2 Bb7 7. O-O Be7 8. Qe2
O-O 9. e4 dxe4 10. Nxe4 Nbd7 11. Ng3 Bxf3 12. Qxf3 cxd4 13. cxd4 Nd5 14. Be3
N7f6 15. Ne4 Qd7 16. Nxf6+ Bxf6 17. g4 Rac8 18. g5 Be7 19. a3 f6 20. Bxh7+ 1-0

[Event "4NCL Online Division 3"]
[Site "online"]
[Date "2020.05.12"]
[Round "6.53"]
[White "Gillespie, David Paul"]
[Black "Allford, Zane"]
[Result "0-1"]
[WhiteElo "1862"]
[BlackElo "1693"]
[PlyCount "32"]
[EventDate "2020.05.12"]
[WhiteTeam "Four Horsemen"]
[BlackTeam "Abergavenny and Friends"]

1. d4 Nf6 2. Nf3 g6 3. Nc3 Bg7 4. e4 d6 5. Be3 O-O 6. Qd2 Nbd7 7. O-O-O c6 8.
Bh6 Qa5 9. Kb1 b5 10. Bd3 e5 11. h4 Bxh6 12. Qxh6 Ng4 13. Qd2 h5 14. dxe5 dxe5
15. Ng5 Nc5 16. Bf1 b4 0-1